00297nam a2200109Ia 4500008004100000041000800041082001600049100001500065245003700080260005900117300001100176231228s2000 xx 000 0 und d aeng a5.2762bCRO aCROUCH (M) aWeb Programming with ASP and COM aNew YorkbAddison Wesley Publishing Co New York,c2000 aXX,393